| 000 | 01531nam a2200361 i 4500 | ||
|---|---|---|---|
| 001 | 000030185 | ||
| 003 | DO-SdBNP | ||
| 005 | 20250711124154.0 | ||
| 007 | ta | ||
| 008 | 110504s1996 dr ac r f001 0 spa d | ||
| 040 |
_aDO-SdBNP _bspa _cBNPHU _erda |
||
| 082 | 4 |
_a379.7293 _bR426p, 1996 _222 |
|
| 110 | 1 |
_aRepública Dominicana. _bSecretaría de Estado de Educación, Bellas Artes y Cultos _923965 |
|
| 245 | 1 | 0 | _aPlan Decenal de Educación en acción, transformación curricular en marcha |
| 250 | _aSegunda edición | ||
| 264 | 1 |
_aSanto Domingo : _bSecretaría de Estado de Educación, Bellas Artes y Cultos, _c1996. |
|
| 300 |
_avolúmenes : _bilustraciones, gráficos, tablas ; _c27 cm. |
||
| 336 |
_atexto _btxt _2rdacontent |
||
| 337 |
_asin mediación _bn _2rdamedia |
||
| 338 |
_avolumen _bnc _2rdacarrier |
||
| 490 |
_aColección Innova 2000 _v5-6 |
||
| 500 | _aLa biblioteca posee los volúmenes 5 y 6 | ||
| 505 | 0 |
_av.1-- _tFundamentos del curriculum -- _gv.2-- _tEducación especial -- _gv.3-- _tNivel especial -- _gv.4-- _tNivel básico -- _gv.5-- _tNivel básico -- _gv.6-- _tNivel medio, modalidad general. |
|
| 590 | _aInventariado, 2018/MFF | ||
| 650 | 0 |
_aEducación y estado _zRepública Dominicana _951256 |
|
| 650 | 0 |
_aPlanificación educativa _917484 |
|
| 650 | 4 |
_aDesarrollo curricular _917535 |
|
| 650 | 4 |
_aPlanificación estratégica _92433 |
|
| 650 | 4 |
_aDesarrollo educativo _910501 |
|
| 650 | 4 |
_aEducación _zRepública Dominicana _9737 |
|
| 910 | _aValidado. Control de calidad. EMS | ||
| 942 |
_2ddc _cLBS1 |
||
| 999 |
_c29677 _d29677 |
||